00425cam a22001097a 4500008004000000082001900040100002000059245013200079260004500211300001000256650004900266180718b1958 xxu||||| |||| 00| 0 eng d aZ41x54 42 K848 aKotdawala, M.R. aReport on the working of co-operative farming societies in Gujerat, with special reference to Surat districtcby M.R. Kotdawala aSuratbChunilal Gandhi Vidyabhavanc1958 a267p. aCooperative farming - India (Bombay - Surat)